00691nam a2200193 a 450000100060000000300090000600800410001502000150005604000280007108200180009911000450011724500840016226000490024630000080029550500280030365000250033165000600035665000810041620918CO-ViMGA141112s2004 ck r 000 u spa d a958664166X aCO-ViMGAbspacCO-ViMGA04a759.896 B415g aBiblioteca Luis Ángel Arango, Bogotá10aGregorio Vásquez de Arca y Ceballos : bUn pintor para mirar el arte colonial aBogotá : bBanco de la república, c2005 a23p aColección de arte 9 14aPINTORES COLOMBIANOS14aPINTURA RELIGIOSA COLOMBIANA - EXPOSICIONES - CATALOGOS14aVASQUEZ DE ARCE Y CEBALLOS, GREGORIO, 1638 - 1711 - EXPOSICIÓN - CATALOGOS